|
|
|
|
| LEADER |
01258ncm a2200325 a 4500 |
| 001 |
c000317548 |
| 003 |
CARM |
| 005 |
20010407200632.0 |
| 008 |
870102q19001985enkzzu eng d |
| 019 |
1 |
|
|a 4403320
|z 41369297
|5 LACONCORD2021
|
| 028 |
3 |
0 |
|a 124
|b Eulenburg
|
| 028 |
2 |
0 |
|a E.E. 1224
|b Eulenburg
|
| 035 |
|
|
|a (OCoLC)3094966
|5 LACONCORD2021
|
| 040 |
|
|
|a ABN:1
|b eng
|c ABN:1
|
| 041 |
0 |
|
|a engger
|
| 048 |
|
|
|a sa01
|a sc01
|a ka01
|
| 082 |
0 |
4 |
|a 785.73/71
|2 19
|
| 082 |
0 |
4 |
|a 785.73/71
|2 19
|
| 100 |
1 |
|
|a Beethoven, Ludwig van,
|d 1770-1827.
|
| 240 |
1 |
0 |
|a Trios,
|m piano, strings,
|n op. 1.
|n No. 3
|
| 245 |
1 |
0 |
|a Trio C minor for pianoforte, violin and violoncello, op.1, no. 3
|h [music] /
|c by Ludwig van Beethoven ; foreword by Max Unger.
|
| 260 |
|
|
|a London :
|b Eulenburg ,
|c [19--]
|
| 300 |
|
|
|a 1 miniature score (viii, 52 p.) ;
|c 19 cm.
|
| 500 |
|
|
|a Publisher's no.: Edition Eulenburg no. 124.
|
| 500 |
|
|
|a Pl. no.: E.E. 1224.
|
| 500 |
|
|
|a Foreword in English and German.
|
| 650 |
|
0 |
|a Piano trios
|x Scores.
|
| 852 |
8 |
|
|b CARM
|h A2:AP21A0
|i B06681
|p 0307785
|f MU
|
| 999 |
f |
f |
|i b01155e8-106b-5f35-a68b-f6e3851e74d0
|s 47b9ca4f-f91a-52a1-80f8-d4b21a18d39d
|
| 952 |
f |
f |
|p Can circulate
|a CAVAL
|b CAVAL
|c CAVAL
|d CARM 1 Store
|e B06681
|f A2:AP21A0
|h Other scheme
|i unspecified
|m 0307785
|